000 00470nam a2200181Ia 4500
001 20135
005 20260306172744.0
008 260306t1975||||xx |||||||||||||| ||spa||
041 _aESP
082 _a342.53
_bA128 V. 1 P. 1
100 _aPoch, Antonio
_eAUT
245 0 _aLa actual revisión del derecho del mar:
_buna perspectiva española
260 _c1975
300 _a586 páginas :
_c21 cm.
650 _aGEN
654 _aCDE
942 _cLIB
_dJUS
_fJUS
_2ddc
_n
999 _c20135
_d20135